000 00803nam a2200253Ia 4500
003 OSt
005 20221005105709.0
006 a|||||r|||| 00| 0
007 ta
008 221004b |||||||| |||| 00| 0 hin d
024 _a33087
037 _cTextual
040 _aCRL
_cCRL
_bhin
041 _2hin
_ahin
082 _aR6, 152L9
100 _aसिंह, जयदेव
245 0 _aसमकालीन दर्शन
246 _aSamakālīn darshana
260 _aनई दिल्ली
_bविकास पब्लिशिंग हाउस प्रा. लि. भारत
_c1979
300 _a227पृ.
_ccm.
650 _aधर्म दर्शन
942 _hR6, 152L9
_cTEXL
_2cc
999 _c1016607
_d1016607